BIBLIOTHÈQUE DE LA MAISON DU MEXIQUE

Logo 1 Logo 2

Guía de aves canoras y de ornato (notice nᵒ 11884)

détails MARC
000 -Sello discográfico
campo de control de longitud fija 00911nam a2200277 4500
005 - Identificación de versión
campo de control 20250925141620.0
010 ## - Número Estándar Internacional de Libros (ISBN)
Número (ISBN) 968-817-373-8
035 ## - Otros números de control del sistema
Número de control del sistema 27388
099 ## - fechas locales
Tipo de ítem Koha LIBRO
100 ## - Datos de procesamiento general
Datos de procesamiento general 20010102d1997 m y1spay5003 ba
105 ## - Campo de datos codificados: Material textual, monográfico
Datos codificados de monografía a 001zy
200 1# - Título y mención de responsabilidad
Título propio Guía de aves canoras y de ornato
Designación general del material texto impreso
210 ## - Publicación, distribución, etc.
Lugar de publicación, distribución, etc. México
Nombre del editor, distribuidor, etc. Secretaría de Medio Ambiente, Recursos Naturales y Pesca
-- Comisión Nacional para el Conocimiento y Uso de la Biodiversidad
Fecha de publicación, distribución, etc. 1997
215 ## - Descripción física
Designación de material específico y extensión del ítem 177 p
Otras características físicas il.
Dimensiones 20 cm
345 ## - Nota de información de adquisición
Fuente de adquisición/dirección de la suscripción [OBSOLETO] Donación
606 ## - Término temático usado como materia
Elemento de entrada Aves
Subdivisión geográfica México
Subdivisión temática Identificación
Número Koha 18529
660 ## - Código de área geográfica
Código MX
801 #0 - Fuente de origen
Agencia cm
856 ## - Localización electrónica y acceso
Identificador Uniforme de Recurso https://www.biodiversidad.gob.mx/publicaciones/librosDig/pdf/guiaAvesCanoras1.pdf
900 ## -
-- 1/825
900 ## -
-- 7100112607\020101
942 ## - ELEMENTOS DE ENTRADA SECUNDARIOS (KOHA)
Tipo de ítem Koha Livre
996 ## -
-- MEX
-- 751145101
-- MMAG
-- 012155
-- 598.2 G943
-- 20250122LIV
Exemplaires
Estatus retirado Estado de daño Estado de pérdida Fecha de adquisición Biblioteca de origen Biblioteca actual Ubicación en estantería Código de barras Precio de reemplazo Signatura topográfica completa No para préstamo Tipo de ítem Koha Nota pública Nota no pública
      05/08/2025 Casa México Paris Casa México Paris   012155 05/08/2025 598.2 G943   Livre 20250122LIV 751145101